لغة الاعلان فى صحيفة الأيام السودانية و الاهرام المصرية و الفجر الجديد الليبية (1891)
Saved in:
| Main Author: | |
|---|---|
| Other Authors: | |
| Format: | Thesis |
| Language: | Arabic |
| Published: |
خرطوم
: معهد خرطوم دولى غة عربية،
1990
|
| Subjects: | |
| Tags: |
Add Tag
No Tags, Be the first to tag this record!
|
| LEADER | 014430000a22003370004500 | ||
|---|---|---|---|
| 001 | 88938 | ||
| 005 | 20021114231700.0 | ||
| 008 | 940201s1990 ara | ||
| 035 | |a 295265 | ||
| 035 | |a (Sirsi) 88938 | ||
| 040 | |a UIAM |b eng | ||
| 049 | |b m | ||
| 050 | |a PJ6095 | ||
| 100 | 1 | |a ضوار، حسن سعيد محمد | |
| 245 | 1 | 0 | |a لغة الاعلان فى صحيفة الأيام السودانية و الاهرام المصرية و الفجر الجديد الليبية (1891) |
| 246 | 0 | 0 | |a Lughat al-i'lan fi sahifat al-Ayyam al-Sudaniyah wa-al-Ahram al-Misriyah wa-al-Fajr al-Jadid al-Libiyah, 1981 / |c i'dad Hasan Sa'id Muhammad Dirar; ishraf Tawhidah 'Uthman Hadrah |
| 260 | 1 | |a خرطوم |b : معهد خرطوم دولى غة عربية، |c 1990 | |
| 300 | |a 163 p. ;33 cm. | ||
| 502 | |a (M.A)--Ma'had Khurtum al-Dawli li al-Lughat al-'Arabiyah, 1990 | ||
| 596 | |a 1 | ||
| 600 | 1 | 0 | |a اعلان صحف |z عالم عربى |
| 650 | 8 | |a صحافة سودانية |x لغة | |
| 650 | 8 | |a صحافة عربية | |
| 650 | 8 | |a رسالة جامعية | |
| 650 | 0 | |a Arabic newspapers |x Language | |
| 650 | 0 | |a Advertising, Newspaper |z Arab countries | |
| 655 | 0 | 7 | |a Theses, non-IIUM |
| 700 | 1 | |a Dirar, Hasan Sa'id Muhammad | |
| 900 | |a checked a r r 110496-naw | ||
| 999 | |c 430567 |d 462058 | ||
| 952 | |0 0 |6 T PJ 006095 D597L |7 0 |8 THESES |9 749836 |a IIUM |b IIUM |c MULTIMEDIA |g 0.00 |o t PJ6095D597L |p 00000295273 |r 2017-10-20 |t 1 |v 0.00 |y THESIS | ||
